Θεσσαλονίκη και Μακεδονία 1798-1912 : γερμανοί, αυστριακοί και γάλλοι πολιτικοί, διπλωμάτες και λόγιοι αφηγούνται για την ζωή, και την κίνηση, την πολιτική και τους θεσμούς καθώςθεσμούς καθώς και την ιστορική τοπογραφία μακεδονικών πόλεων. = Thesalonike und Mazedonien 1798-1912 : Deutsche, osterreichische und franzosische Politiker, Diplomaten und Gelehrte berichten uber Leben und Treiben, Politik und Institutionen, sowie uber die historische Topographie mazedonischer Stadte

Αποθηκεύτηκε σε:
Λεπτομέρειες βιβλιογραφικής εγγραφής
Κύριος συγγραφέας: Ενεπεκίδης, Πολυχρόνης Κ.
Μορφή: Βιβλίο
Γλώσσα:Greek
Δημοσίευση: Αθήνα : Βιβλιοπωλείον της Εστίας, 1982.
Σειρά:Πηγές και μελέτες για την ιστορία της τουρκοκρατίας στις ελληνικές χώρες ; 2
Θέματα:
Ετικέτες: Προσθήκη ετικέτας
Δεν υπάρχουν, Καταχωρήστε ετικέτα πρώτοι!

MARC

LEADER 00000cam a2200000 i 4500
001 1/3990
008 100202s1982####gr | | ||| |||| ||gre||
035 |l 10106575 
040 |a GR-MyUA  |b gre  |e AACR2 
041 0 |a gre 
082 7 |a 938.492   |2 (22)  
100 1 |a Ενεπεκίδης, Πολυχρόνης Κ. 
245 1 0 |a Θεσσαλονίκη και Μακεδονία 1798-1912 :   |b γερμανοί, αυστριακοί και γάλλοι πολιτικοί, διπλωμάτες και λόγιοι αφηγούνται για την ζωή, και την κίνηση, την πολιτική και τους θεσμούς καθώςθεσμούς καθώς και την ιστορική τοπογραφία μακεδονικών πόλεων. = Thesalonike und Mazedonien 1798-1912 : Deutsche, osterreichische und franzosische Politiker, Diplomaten und Gelehrte berichten uber Leben und Treiben, Politik und Institutionen, sowie uber die historische Topographie mazedonischer Stadte /   |c Πολυχρόνη Κ. Ενεπεκίδη.  
246 1 |i Παράλληλος τίτλος:   |a Thesalonike und Mazedonien 1798-1912  
260 |a Αθήνα :   |b Βιβλιοπωλείον της Εστίας,   |c 1982.  
300 |a 327 σ. :   |b εικ. ;   |c 25 εκ.  
490 1 |a (Πηγές και μελέτες για την ιστορία της τουρκοκτατίας στις ελληνικές χώρες ;   |v 2)  
500 |a Με γκραβούρες και εικόνες της εποχής.  
500 |a Mit Zeitgenosischen Stichen und Illustrationen.  
651 0 |a Macedonia  |x History. 
651 0 |a Thessalonike (Greece)  |x History. 
830 0 |a Πηγές και μελέτες για την ιστορία της τουρκοκρατίας στις ελληνικές χώρες ;  |v  2 
852 |a INST  |b SAMOS  |e 20100202  |h 938.492 ΕΝΕ  |p 005300030720  |q 005300030720  |t BK  |v τομ.2:  |y 0 
901 |a BIBL3-2010-1 
970 |a ΡΟΥΣΣΟΥ  |b ΚΩΝΣΤΑΝΤΙΝΑ  |z 2010/02/02